| 000 | 00352 a2200157 4500 | ||
|---|---|---|---|
| 001 | 72002 | ||
| 020 | _a8508068026 | ||
| 040 | _cAnchieta - Colégio São Paulo | ||
| 100 | _aRagache, Gilles | ||
| 240 | 1 | 0 |
_aEm busca da América _lpor |
| 245 | 1 | 0 | _aEm busca da América |
| 300 | _a48 | ||
| 362 | 0 | _a1998 | |
| 650 | 4 | _aLiteratura juvenil | |
| 942 | _cBK | ||
| 999 |
_c72002 _d72002 |
||